Důlní stroje a zařízení Učební text pro SPŠ hornické

Bibliographic Details
Main Authors: Plášil, Miloslav (Author), Bartoň, Jan (Author), Kolář, Jan (Author)
Format: Book
Language:Czech
PhysicalDescription:253, [1] s. 8°
Published: Praha Státní nakladatelství technické literatury 1982
Edition:1. vyd.
Subjects:

MARC

LEADER 00000nam a2200000 a 4500
001 vtls001057600
003 SK-MaSNL
005 20260302030341.0
008 240314s1982 xr 0 cze
035 |a SNK000000402 
040 |a SNK  |b slo  |c SNK  |e AACR2 
041 0 |a cze 
044 |a CZ 
080 |a 622.23.05(075.3)  |2 1981 
100 1 |a Plášil, Miloslav  |4 aut  |9 276305 
245 1 0 |a Důlní stroje a zařízení  |b Učební text pro SPŠ hornické  |c Miloslav Plášil, Jan Bartoň, Jan Kolář 
250 |a 1. vyd. 
260 |a Praha  |b Státní nakladatelství technické literatury  |c 1982 
300 |a 253, [1] s.  |c 8° 
650 0 7 |a stroje banské  |x učebnice priem. škôl banských  |2 SNK  |9 276306 
650 0 7 |a zariadenia banské  |x učebnice priem. škôl banských  |2 SNK  |9 276307 
700 1 |a Bartoň, Jan  |4 aut  |9 276308 
700 1 |a Kolář, Jan  |4 aut  |9 276309 
958 |a RK 
958 |a OND 
999 |c 1046972  |d 1048902 
952 |a SNK  |b SNK  |y VYP  |7 0  |p 17A0698665  |o snkIC 89061 D1  |i snkKIP 8915/82  |0 0  |1 1  |4 0  |d 1995-02-15  |l 0  |r 2004-12-31 00:00:00  |w 2026-02-24 
952 |t P60, <04>, [BOOK], {604}  |a SNK  |b SNK  |y VYP  |7 0  |o snkIC 89061  |i snkKIP 8914/82  |0 0  |1 0  |4 0  |d 1995-02-15  |l 0  |r 2004-12-31 00:00:00  |w 2026-02-24